[Event "Balatonlelle Rigo Memorial op"]
[Site "Balatonlelle"]
[Date "2023.06.19"]
[Round "6"]
[White "Jansen, Bob"]
[Black "Mohamed, Anees M"]
[Result "0-1"]
[WhiteElo "2229"]
[BlackElo "2320"]
[PlyCount "58"]
[EventDate "2023.06.14"]
[EventType "swiss"]
[EventRounds "9"]
[EventCountry "HUN"]
[SourceTitle "CBM 214 Extra"]
[Source "ChessBase"]
[SourceDate "2023.07.31"]
[SourceVersion "1"]
[SourceVersionDate "2023.07.31"]
[SourceQuality "1"]

1. d4 d5 2. Bf4 c5 3. e3 Nc6 4. c3 Nf6 5. Nd2 e6 6. Bd3 Bd6 7. Bxd6 Qxd6 8. f4 b6 9. Nh3 Bb7 10. Qe2 Ne7 11. Qf3 Qc6 12. Qe2 0-0 13. Nf2 Nf5 14. g4 Nd6 15. g5 Nfe4 16. Ng4 a5 17. Rg1 Qc8 18. Bxe4 dxe4 19. Nc4 Nxc4 20. Nf6+ Kh8 21. Qh5 gxf6 22. gxf6 Rg8 23. Kf2 Rg6 24. Rg4 Qg8 25. Rag1 cxd4 26. cxd4 Nxb2 27. R1g3 Rc8 28. Rg5 Nd3+ 29. Kg1 Ne1 0-1

[Event "Geraardsbergen op 37th"]
[Site "Geraardsbergen"]
[Date "2022.08.07"]
[Round "1"]
[White "Landolt, Bart"]
[Black "Jansen, Bob"]
[Result "0-1"]
[WhiteElo "1678"]
[BlackElo "2172"]
[PlyCount "32"]
[EventDate "2022.08.07"]
[EventType "swiss"]
[EventRounds "9"]
[EventCountry "BEL"]
[SourceTitle "CBM 209 Extra"]
[Source "ChessBase"]
[SourceDate "2022.09.30"]
[SourceVersion "1"]
[SourceVersionDate "2022.09.30"]
[SourceQuality "1"]

1. e4 e6 2. d4 d5 3. Nc3 Bb4 4. e5 c5 5. a3 Ba5 6. b4 cxd4 7. Qg4 Kf8 8. Nb5 Bb6 9. Bg5 f6 10. Nd6 fxg5 11. Qf3+ Nf6 12. Nxc8 g4 13. Qf4 Qxc8 14. exf6 Qc3+ 15. Ke2 d3+ 16. cxd3 Qb2+ 0-1

[Event "Wachtebeke op"]
[Site "Wachtebeke"]
[Date "2022.03.02"]
[Round "8"]
[White "Jansen, Bob"]
[Black "Dgebuadze, Alexandre"]
[Result "1/2-1/2"]
[WhiteElo "2157"]
[BlackElo "2465"]
[PlyCount "43"]
[EventDate "2022.02.26"]
[EventType "swiss"]
[EventRounds "9"]
[EventCountry "BEL"]
[SourceTitle "CBM 207 Extra"]
[Source "ChessBase"]
[SourceDate "2022.05.31"]
[SourceVersion "1"]
[SourceVersionDate "2022.05.31"]
[SourceQuality "1"]

1. d4 e6 2. e4 d5 3. e5 c5 4. c3 Qb6 5. Nf3 Bd7 6. Bd3 Ne7 7. dxc5 Qxc5 8. 0-0 Ng6 9. h4 Qc7 10. Re1 Nc6 11. Qe2 f6 12. Bxg6+ hxg6 13. Bf4 fxe5 14. Nxe5 Nxe5 15. Bxe5 Bd6 16. g3 0-0 17. Bxd6 Qxd6 18. Nd2 Rf5 19. f4 g5 20. hxg5 e5 21. fxe5 Qg6 22. Nf3 1/2-1/2

[Event "Wachtebeke op"]
[Site "Wachtebeke"]
[Date "2022.02.27"]
[Round "3"]
[White "Larkin, Vladislav"]
[Black "Jansen, Bob"]
[Result "1-0"]
[WhiteElo "2399"]
[BlackElo "2157"]
[PlyCount "47"]
[EventDate "2022.02.26"]
[EventType "swiss"]
[EventRounds "9"]
[EventCountry "BEL"]
[SourceTitle "CBM 207 Extra"]
[Source "ChessBase"]
[SourceDate "2022.05.31"]
[SourceVersion "1"]
[SourceVersionDate "2022.05.31"]
[SourceQuality "1"]

1. e4 Nf6 2. e5 Nd5 3. d4 d6 4. Nf3 g6 5. Bc4 Nb6 6. Bb3 Bg7 7. Qe2 0-0 8. h3 dxe5 9. dxe5 c5 10. e6 f6 11. Na3 a5 12. Bf4 a4 13. Rd1 Qe8 14. Bc4 Nxc4 15. Nxc4 Qc6 16. Nd6 exd6 17. Rxd6 Qc7 18. e7 Re8 19. Rd8 Qc6 20. Rd6 Qc7 21. Rd8 Qc6 22. 0-0 Na6 23. Rd6 Qc7 24. Rxa6 1-0

[Event "Geraardsbergen op 36th"]
[Site "Geraardsbergen"]
[Date "2021.08.11"]
[Round "8"]
[White "Grooten, Herman"]
[Black "Jansen, Bob"]
[Result "1-0"]
[WhiteElo "2250"]
[BlackElo "2102"]
[PlyCount "75"]
[EventDate "2021.08.08"]
[EventType "swiss"]
[EventRounds "9"]
[EventCountry "BEL"]
[SourceTitle "CBM 203 Extra"]
[Source "ChessBase"]
[SourceDate "2021.09.30"]
[SourceVersion "1"]
[SourceVersionDate "2021.09.30"]
[SourceQuality "1"]

1. d4 Nf6 2. c4 e6 3. Nf3 c5 4. d5 exd5 5. cxd5 d6 6. Nc3 g6 7. Nd2 Bg7 8. e4 0-0 9. Be2 Re8 10. 0-0 a6 11. a4 Nbd7 12. Re1 Ne5 13. Nf1 Rb8 14. h3 Ned7 15. Qc2 b6 16. Bd2 Bb7 17. Rab1 Qc7 18. b3 Re7 19. f4 Rbe8 20. Bf3 c4 21. b4 Qb8 22. Kh1 Ba8 23. Re2 Rc8 24. Be3 Ne8 25. Qd2 Bb7 26. Bd4 Qa8 27. Ne3 a5 28. b5 Nc5 29. Bxg7 Nxg7 30. Nxc4 Nxe4 31. Nxe4 Rxc4 32. Nf6+ Kf8 33. Nxh7+ Kg8 34. Nf6+ Kf8 35. Rxe7 Kxe7 36. Qe2+ Kxf6 37. Qxc4 Nf5 38. g4 1-0

[Event "Prague Summer op-A 6th"]
[Site "Prague"]
[Date "2019.08.08"]
[Round "8"]
[White "Jansen, Bob"]
[Black "Mikes, Jan"]
[Result "1-0"]
[WhiteElo "2148"]
[BlackElo "2386"]
[PlyCount "47"]
[EventDate "2019.08.02"]
[EventType "swiss"]
[EventRounds "9"]
[EventCountry "CZE"]
[SourceTitle "CBM 191 Extra"]
[Source "ChessBase"]
[SourceDate "2019.09.30"]
[SourceVersion "1"]
[SourceVersionDate "2019.09.30"]
[SourceQuality "1"]

1. d4 d5 2. e4 dxe4 3. Nc3 Nf6 4. f3 exf3 5. Nxf3 Bg4 6. h3 Bh5 7. g4 Bg6 8. Ne5 e6 9. Qf3 c6 10. g5 Bh5 11. Qf2 Nfd7 12. Be2 Bg6 13. Nxg6 hxg6 14. Rf1 Qb6 15. Qxf7+ Kd8 16. Bd2 c5 17. dxc5 Bxc5 18. Na4 Qc7 19. 0-0-0 Bd6 20. Nc3 a6 21. Qxe6 Re8 22. Qxg6 Nc6 23. Nd5 Qb8 24. Bh5 1-0

[Event "Prague Summer op-A 6th"]
[Site "Prague"]
[Date "2019.08.03"]
[Round "2"]
[White "Jansen, Bob"]
[Black "Qashashvili, Alexandre"]
[Result "0-1"]
[WhiteElo "2148"]
[BlackElo "2497"]
[PlyCount "64"]
[EventDate "2019.08.02"]
[EventType "swiss"]
[EventRounds "9"]
[EventCountry "CZE"]
[SourceTitle "CBM 191 Extra"]
[Source "ChessBase"]
[SourceDate "2019.09.30"]
[SourceVersion "1"]
[SourceVersionDate "2019.09.30"]
[SourceQuality "1"]

1. d4 d5 2. Bf4 Nf6 3. e3 c5 4. c3 Nc6 5. Nd2 e6 6. Ngf3 Bd6 7. Bg3 Qe7 8. Ne5 Nd7 9. Bb5 Bxe5 10. dxe5 0-0 11. f4 f6 12. exf6 Nxf6 13. 0-0 Bd7 14. Bh4 a6 15. Bd3 e5 16. f5 c4 17. Bc2 e4 18. g4 h6 19. Kh1 Ne5 20. Rg1 Bc6 21. h3 Rae8 22. Kh2 Qc5 23. Re1 Nd3 24. Bxd3 exd3 25. Nf3 Rxe3 26. Nd4 Qd6+ 27. Kg2 Rfe8 28. Rxe3 Rxe3 29. Bf2 Ne4 30. Bxe3 Qg3+ 31. Kh1 Qxh3+ 32. Kg1 Qxe3+ 0-1

[Event "Krakow op-A 29th"]
[Site "Krakow"]
[Date "2018.12.30"]
[Round "5"]
[White "Golenia, Jan"]
[Black "Jansen, Bob"]
[Result "0-1"]
[WhiteElo "2059"]
[BlackElo "2192"]
[PlyCount "71"]
[EventDate "2018.12.27"]
[EventType "swiss"]
[EventRounds "9"]
[EventCountry "POL"]
[SourceTitle "CBM 189 Extra"]
[Source "ChessBase"]
[SourceDate "2019.06.03"]
[SourceVersion "1"]
[SourceVersionDate "2019.06.03"]
[SourceQuality "1"]

1. d4 Nf6 2. Bg5 c5 3. d5 e5 4. Nc3 d6 5. e4 Be7 6. Nf3 Nbd7 7. h3 Nf8 8. Qd2 Ng6 9. Bd3 Bd7 10. a4 Nh5 11. Nb5 f6 12. Be3 Nhf4 13. Bf1 Qc8 14. Ng1 a6 15. Nc3 Nf8 16. Bxf4 exf4 17. Qxf4 Ng6 18. Qe3 0-0 19. g4 b5 20. Nf3 Re8 21. Be2 Bd8 22. Nd2 f5 23. gxf5 Bxf5 24. axb5 axb5 25. Rxa8 Qxa8 26. Bxb5 Qa1+ 27. Ke2 Qxh1 28. Bxe8 Bxh3 29. Qf3 Qg1 30. Bf7+ Kh8 31. Be6 Bg5 32. Qg3 Nf4+ 33. Ke3 Nxe6+ 34. Kd3 Bf1+ 35. Nxf1 Qxf1+ 36. Ne2 0-1

[Event "Hengelo U20 op"]
[Site "Hengelo"]
[Date "2005.08.12"]
[Round "8"]
[White "Jansen, Bob"]
[Black "Hummel, Erik Jan"]
[Result "1-0"]
[WhiteElo "2009"]
[BlackElo "2095"]
[PlyCount "70"]
[EventDate "2005.08.??"]
[EventType "swiss"]
[EventRounds "9"]
[EventCountry "NED"]
[SourceTitle "CBM 107 Extra"]
[Source "ChessBase"]
[SourceDate "2005.09.01"]
[SourceVersion "1"]
[SourceVersionDate "2005.09.01"]
[SourceQuality "1"]

1. d4 g6 2. c4 Bg7 3. Nc3 d6 4. e4 Nc6 5. Be3 e5 6. Nge2 exd4 7. Nxd4 Nge7 8. Be2 0-0 9. Qd2 f5 10. f3 fxe4 11. fxe4 Nxd4 12. Bxd4 Nc6 13. Bxg7 Kxg7 14. 0-0-0 Be6 15. Nd5 Bxd5 16. cxd5 Ne5 17. h4 h6 18. Kb1 Rf2 19. Rc1 Qe7 20. Qe3 Rf7 21. h5 g5 22. Rc2 c5 23. dxc6 bxc6 24. Rd1 Rf6 25. Rcd2 Rd8 26. Qa3 c5 27. Qe3 Rb8 28. Ka1 Rb4 29. a3 Rb6 30. Qc3 Kh7 31. Bc4 Nc6 32. Qh3 Nd4 33. Bd5 Rb8 34. Qd3 Kh8 35. Qh3 Rbf8 1-0

[Event "Hengelo U20 op"]
[Site "Hengelo"]
[Date "2005.08.10"]
[Round "5"]
[White "Selker, Marc"]
[Black "Jansen, Bob"]
[Result "0-1"]
[WhiteElo "2121"]
[BlackElo "2009"]
[PlyCount "56"]
[EventDate "2005.08.??"]
[EventType "swiss"]
[EventRounds "9"]
[EventCountry "NED"]
[SourceTitle "CBM 107 Extra"]
[Source "ChessBase"]
[SourceDate "2005.09.01"]
[SourceVersion "1"]
[SourceVersionDate "2005.09.01"]
[SourceQuality "1"]

1. e4 Nc6 2. Nc3 e6 3. d4 Bb4 4. Nf3 d6 5. Bd3 Nge7 6. Bd2 e5 7. d5 Nb8 8. Ne2 Bxd2+ 9. Qxd2 Nd7 10. Qg5 h6 11. Qg3 0-0 12. Nd2 c6 13. c4 cxd5 14. cxd5 f5 15. f3 Qb6 16. 0-0-0 Nc5 17. Bc2 Qa6 18. Nc3 b5 19. Nb3 Na4 20. Nxa4 bxa4 21. Nd2 Bd7 22. Qe1 Rfc8 23. Kb1 Rab8 24. Qe3 a3 25. Bb3 f4 26. Qf2 Qd3+ 27. Ka1 axb2+ 28. Kxb2 Rc2+ 0-1